Grösste Schweizer Städte nach Kanton - Statistiken

Allgemein
  • Dieses Quiz wurde 2.087 mal gespielt
  • Das Durchschnittsergebnis liegt bei 31 aus 78
Antwortstatistiken
Kanton Bevölkerung Stadt % Korrekt
Zürich 433'989 Zürich
99%
Bern 136'988 Bern
97%
Basel-Stadt 176'329 Basel
92%
Genf 206'635 Genf/Genève
89%
Luzern 85'534 Luzern
89%
St. Gallen 78'213 St. Gallen
80%
Waadt 144'160 Lausanne
78%
Freiburg 38'660 Freiburg
77%
Zug 31'995 Zug
76%
Zürich 119'315 Winterthur
75%
Tessin 63'495 Lugano
73%
Aargau 22'290 Aarau
71%
Schaffhausen 38'666 Schaffhausen
71%
Neuenburg 44'898 Neuchâtel/Neuenburg
69%
Graubünden 39'242 Chur
67%
Solothurn 16'855 Solothurn
66%
Bern 55'932 Biel/Bienne
64%
Schwyz 16'181 Schwyz
62%
Wallis 36'624 Sitten/Sion
62%
Glarus 12'758 Glarus
61%
Bern 43'905 Thun
61%
Tessin 44'743 Bellinzona
60%
Appenzell Innerrhoden 6009 Appenzell
59%
Tessin 16'394 Locarno
56%
Thurgau 26'747 Frauenfeld
53%
Graubünden 10'800 Davos
51%
Uri 10'198 Altdorf
48%
Solothurn 18'715 Olten
48%
Jura 12'739 Delsberg/Délemont
46%
Appenzell Ausserrhoden 15'893 Herisau
43%
Aargau 23'587 Baden
42%
Nidwalden 8377 Stans
42%
Waadt 26'828 Montreux
40%
Obwalden 10'742 Sarnen
40%
Appenzell Innerrhoden 6060 Schwende-Rüte
40%
St. Gallen 24'980 Wil (SG)
40%
Luzern 32'380 Emmen
36%
Waadt 30'202 Yverdon-les-Bains
35%
St. Gallen 28'640 Rapperswil-Jona
33%
Zug 17'867 Cham
32%
Thurgau 23'241 Kreuzlingen
32%
Zug 24'973 Baar
31%
Luzern 29'632 Kriens
31%
Zürich 36'352 Uster
31%
Neuenburg 37'233 La-Chaux-de-Fonds
30%
Glarus 19'639 Glarus Nord
28%
Wallis 21'759 Martigny
27%
Graubünden 9191 Landquart
26%
Glarus 9659 Glarus Süd
25%
Solothurn 18'295 Grenchen
25%
Basel-Landschaft 18'234 Muttenz
25%
Freiburg 26'749 Bulle
24%
Schwyz 16'464 Einsiedeln
24%
Schwyz 16'943 Freienbach
24%
Basel-Stadt 22'408 Riehen
24%
Thurgau 15'853 Arbon
22%
Aargau 21'479 Wettingen
20%
Jura 6601 Porrentruy
19%
Basel-Landschaft 22'110 Allschwil
18%
Schaffhausen 11'213 Neuhausen am Rheinfall
18%
Wallis 18'886 Monthey
16%
Basel-Landschaft 20'258 Reinach (BL)
16%
Genf 37'460 Vernier
16%
Obwalden 6379 Alpnach
14%
Nidwalden 5487 Buochs
14%
Nidwalden 6187 Hergiswil
14%
Basel-Stadt 1294 Bettingen
13%
Genf 36'229 Lancy
13%
Uri 5462 Schattdorf
13%
Uri 3950 Erstfeld
12%
Obwalden 6472 Kerns
11%
Appenzell Ausserrhoden 6514 Teufen (AR)
11%
Schaffhausen 5770 Thayngen
11%
Neuenburg 17'499 Val-de-Ruz
9%
Appenzell Innerrhoden 1931 Oberegg
7%
Appenzell Ausserrhoden 4453 Speicher
7%
Freiburg 12'444 Villars-sur-Glâne
7%
Jura 7362 Haute-Sorne
5%
Keine übereinstimmenden Quizze gefunden
Verteilung der Resultate
Anzahl Personen mit jedem Resultat
Perzentil nach korrekt beantworteten Fragen
Ihre Resultats-Entwicklung
Sie haben dieses Quiz noch nicht gespielt